Welcome to CU Library Online Public Access Catalogue (OPAC)

Hydraulics in civil and environmental engineering / (Record no. 8351)

MARC details
000 -LEADER
fixed length control field 00956cam a2200253 i 4500
001 - CONTROL NUMBER
control field 17648850
005 - DATE AND TIME OF LATEST TRANSACTION
control field 20251122161525.0
008 - FIXED-LENGTH DATA ELEMENTS--GENERAL INFORMATION
fixed length control field 130305s2013 flua b 001 0 eng
020 ## - INTERNATIONAL STANDARD BOOK NUMBER
International Standard Book Number 9780415672450
Qualifying information hardcover : acid-free paper
050 00 - LIBRARY OF CONGRESS CALL NUMBER
Classification number TC160
Item number .C47 2013
082 00 - DEWEY DECIMAL CLASSIFICATION NUMBER
Classification number 627
Edition information 23
100 1# - MAIN ENTRY--PERSONAL NAME
Personal name Chadwick, A. J.
Fuller form of name (Andrew John)
245 10 - TITLE STATEMENT
Title Hydraulics in civil and environmental engineering /
Statement of responsibility, etc. Andrew Chadwick, John Morfett, and Martin Borthwick.
250 ## - EDITION STATEMENT
Edition statement Fifth edition.
260 ## - PUBLICATION, DISTRIBUTION, ETC.
Place of publication, distribution, etc. Boca Raton
Name of publisher, distributor, etc. CRC Press
Date of publication, distribution, etc. 2013
300 ## - PHYSICAL DESCRIPTION
Extent xxiv, 623 pages :
Other physical details illustrations ;
Dimensions 26 cm
500 ## - GENERAL NOTE
General note "A CRC title, part of the Taylor & Francis imprint, a member of the Taylor & Francis Group, the academic division of T&F Informa plc."
650 #0 - SUBJECT ADDED ENTRY--TOPICAL TERM
Topical term or geographic name entry element Hydraulic engineering.
650 #0 - SUBJECT ADDED ENTRY--TOPICAL TERM
Topical term or geographic name entry element Environmental engineering.
650 #0 - SUBJECT ADDED ENTRY--TOPICAL TERM
Topical term or geographic name entry element Civil engineering.
700 1# - ADDED ENTRY--PERSONAL NAME
Personal name Morfett, J. C.
Fuller form of name (John C.)
700 1# - ADDED ENTRY--PERSONAL NAME
Personal name Borthwick, Martin.
942 ## - ADDED ENTRY ELEMENTS (KOHA)
Source of classification or shelving scheme Library of Congress Classification
Koha item type Books
Edition 5th ed.
Suppress in OPAC No
999 ## -
-- 8351
-- 8351
Holdings
Withdrawn status Lost status Source of classification or shelving scheme Damaged status Not for loan Collection Home library Current library Shelving location Date acquired Total checkouts Full call number Barcode Date last seen Copy number Price effective from Koha item type
    Library of Congress Classification     Non-fiction Science Library (Miotso) Science Library (Miotso) General stacks 11/22/2025   TC160 .C47 CHA SLM00006059 11/22/2025 1 11/22/2025 Books
    Library of Congress Classification     Non-fiction Science Library (Miotso) Science Library (Miotso) General stacks 11/22/2025   TC160 .C47 CHA SLM00006060 11/22/2025 2 11/22/2025 Books
    Library of Congress Classification     Non-fiction Science Library (Miotso) Science Library (Miotso) General stacks 11/22/2025   TC160 .C47 CHA SLM00006061 11/22/2025 3 11/22/2025 Books
    Library of Congress Classification     Non-fiction Science Library (Miotso) Science Library (Miotso) General stacks 11/22/2025   TC160 .C47 CHA SLM00006062 11/22/2025 4 11/22/2025 Books
    Library of Congress Classification     Non-fiction Science Library (Miotso) Science Library (Miotso) General stacks 11/22/2025   TC160 .C47 CHA SLM00006063 11/22/2025 5 11/22/2025 Books
© 2023-2024 Copyright: Central University Libraries. All Rights Reserved | Created by: Mahone Tech Office